LEADER 00837nam0-22003251i-450- 001 990003008710403321 010 $a0-226-77656-5 035 $a000300871 035 $aFED01000300871 035 $a(Aleph)000300871FED01 035 $a000300871 100 $a20000920d1976----km-y0itay50------ba 101 0 $aita 102 $aIT 200 1 $aAmerican Railroads$fBy John F. Stover. 210 $aChicago$cUniversity of Chicago Press$d1976. 215 $aX, 302 p.$d23 cm 610 0 $aFerrovie- Stati Uniti$aStoria 676 $aE/4.3 676 $aF/1.221 676 $aH/3.3 702 1$aStover,$bJohn F. 801 0$aIT$bUNINA$gRICA$2UNIMARC 901 $aBK 912 $a990003008710403321 952 $aE/4.3 STO$b10218/I$fSES 959 $aSES 996 $aAmerican Railroads$9468177 997 $aUNINA DB $aING01 LEADER 01644nas 2200409 n 450 001 990009035750403321 005 20240229084306.0 011 $a0033-9601 035 $a000903575 035 $aFED01000903575 035 $a(Aleph)000903575FED01 035 $a000903575 091 $2CNR$aP 00018705 100 $a20090724a19629999km-y0itaa50------ba 101 0 $aita 102 $aIT 110 $aauu-------- 200 1 $aRassegna di servizio sociale 207 1$a1962- 210 $aRoma$cEnte italiano di servizio sociale 421 0$12001$aRapporto sulla situazione del Servizio Sociale 530 0 $aRassegna di servizio sociale 675 $a36 675 $a361.1 675 $a364.62 676 $a361.3 712 02$aEnte italiano di servizio sociale 801 0$aIT$bACNP$c20090723 859 4 $uhttp://acnp.cib.unibo.it/cgi-ser/start/it/cnr/dc-p1.tcl?catno=11039&person=false&language=ITALIANO&libr=&libr_th=unina1$zBiblioteche che possiedono il periodico 901 $aSE 912 $a990009035750403321 958 $aBiblioteca del Dipartimento di Pediatria dell'Università degli Studi di Napoli Federico II$b1975;1989-2000;$fDMEPE 959 $aDMEPE 996 $aRassegna di servizio sociale$9790528 997 $aUNINA AP1 8 $6866-01$aNA171 Biblioteca del Dipartimento di Pediatria dell'Università degli Studi di Napoli Federico II$evia Pansini, 5, 80131 Napoli (NA)$m0817463384;$m0817463384$nit AP2 40$aacnp.cib.unibo.it$nACNP Italian Union Catalogue of Serials$uhttp://acnp.cib.unibo.it/cgi-ser/start/it/cnr/df-p.tcl?catno=11039&language=ITALIANO&libr=&person=&B=1&libr_th=unina&proposto=NO